Just sustainablity: the emerging discourse of environmental justice in Britain? (Record no. 74474)

MARC details
000 -LEADER
fixed length control field 01559cam a2200193 4500
001 - CONTROL NUMBER
control field X126839
008 - FIXED-LENGTH DATA ELEMENTS--GENERAL INFORMATION
fixed length control field 040719n2004 000 0 eng u
035 ## - SYSTEM CONTROL NUMBER
System control number (Sirsi) u126839
100 ## - MAIN ENTRY--PERSONAL NAME
Personal name Agyeman, J.
245 ## - TITLE STATEMENT
Title Just sustainablity: the emerging discourse of environmental justice in Britain?
260 ## - PUBLICATION, DISTRIBUTION, ETC.
Date of publication, distribution, etc. 2004
490 ## - SERIES STATEMENT
Series statement Geographical Journal
Volume/sequential designation 170(2) June 2004, 155-164(10)
520 ## - SUMMARY, ETC.
Summary, etc. Environmental justice is both a vocabulary for political opportunity, mobilisation and action and a policy principle to guide public decision making. It emerged initially in the US and more recently in the UK, as a new vocabulary underpinning action by community organisations campaigning against environmental injustices. However, as the environmental justice discourse has matured, it has become increasingly evident that it should play a role in the wider agendas for sustainable development and social inclusion. The links between sustainability and environmental justice are becoming clearer and more widely understood in the UK by NGOs and government alike and it is the potential synergy between these two discourses which is the focus of this paper. This paper argues that the concept of just sustainability provides a discourse for policy-makers and activists, which brings together the key dimensions of both environmental justice and sustainable development. References. [Taken from journal abstract].
650 ## - SUBJECT ADDED ENTRY--TOPICAL TERM
Topical term or geographic name entry element SOCIAL INCLUSION
650 ## - SUBJECT ADDED ENTRY--TOPICAL TERM
Topical term or geographic name entry element SUSTAINABLE ENVIRONMENT
690 ## - LOCAL SUBJECT ADDED ENTRY--TOPICAL TERM (OCLC, RLIN)
Topical term or geographic name as entry element DEVELOPMENT-SUSTAINABLE
700 ## - ADDED ENTRY--PERSONAL NAME
Personal name Evans, B.
942 ## - ADDED ENTRY ELEMENTS (KOHA)
Suppress in OPAC 0
Holdings
Withdrawn status Lost status Source of classification or shelving scheme Damaged status Not for loan Home library Current library Shelving location Date acquired Total Checkouts Full call number Barcode Date last seen Copy number Price effective from Koha item type
    Dewey Decimal Classification     London London Journal article 19/07/2004   X126839 126839-1001 06/08/2019 1 06/08/2019 Journal article